Noces d'argent, 27 abril 1930 : gran festival esportiu / Patronat de la Sda. Família y [sic] Snt. Ignasi de L. gran festival esportiu / Patronat de la Sda. Família y [sic] Snt. Ignasi de L.
Descripción Física:
1 tríptic ; 17 cm
Materias:
Festivals -- Barcelona -- Programes
MARC
| LEADER | 00000nam a2200000Ia 4500 | ||
|---|---|---|---|
| 001 | 16548 | ||
| 008 | 160829s1930 xx 000 0 cat d | ||
| 080 | |a 3879, exp. 6 | ||
| 100 | |a Patronat de la Sagrada Família i Sant Ignasi de Loyola (Barcelona) |9 48085 | ||
| 245 | |a Noces d'argent, 27 abril 1930 : |b gran festival esportiu / Patronat de la Sda. Família y [sic] Snt. Ignasi de L. | ||
| 260 | |a Barcelona : |b Gráfica Manén, |c 1930 | ||
| 300 | |a 1 tríptic ; |c 17 cm | ||
| 650 | |a Festivals |x Barcelona |x Programes |9 48086 | ||
| 901 | |a Arxiu | ||
| 942 | |n 1 | ||
| 952 | |0 0 |1 0 |4 0 |6 3879_EXP_6 |7 1 |9 54314 |a Arxiu |b Arxiu |d 2016-12-01 |l 0 |o 3879, exp. 6 |p 16548 |r 2016-12-01 00:00:00 |w 2016-12-01 |y ARXIU | ||
| 999 | |c 58183 |d 58183 | ||